|
|
|
|
| LEADER |
00592cam a2200181 7i4500 |
| 001 |
0000003877 |
| 005 |
19991025090000.0 |
| 002 |
##000005281 |
| 020 |
0 |
0 |
|a 981-204-209
|
| 090 |
0 |
0 |
|a THAI 338.7
|b COO
|
| 100 |
1 |
0 |
|a Cooper
|
| 245 |
1 |
0 |
|a Thais mean business :
|b the foreign businessman's guide to doing business in Thailand
|c Robert Cooper.
|
| 260 |
0 |
0 |
|a Singapore:
|b Times,
|c 1991..
|
| 300 |
0 |
0 |
|a 192 p..
|
| 650 |
0 |
0 |
|a Business --
|z Thailand
|
| 651 |
0 |
0 |
|a Thailand
|
| 999 |
|
|
|a 0000006364
|b Book
|c Open shelf
|e Business Information Centre
|
| 999 |
|
|
|a 0000006189
|b Book
|c Open shelf
|e Business Information Centre
|